El soldadito de plomo /
Guardado en:
| Autor Principal: | |
|---|---|
| Formato: | Libro |
| Publicado: |
Buenos Aires :
Lóguez,
2013
|
| Materias: | |
| Etiquetas: |
Agregar Etiqueta
Sin Etiquetas, Sea el primero en etiquetar este registro!
|
| LEADER | 00943nam a22002655a 4500 | ||
|---|---|---|---|
| 001 | CEM.cems015152 | ||
| 005 | 20191119160101.0 | ||
| 008 | 130507s2013##################000#0#####d | ||
| 003 | CEMS | ||
| 020 | |a 9789872901028 | ||
| 082 | 0 | 4 | |a 839.3137 |
| 100 | 1 | |a Müller, Jörg | |
| 245 | 1 | 0 | |a El soldadito de plomo / |c Jörg Müller |
| 260 | |a Buenos Aires : |b Lóguez, |c 2013 | ||
| 300 | |a 40 p. | ||
| 500 | |a El soldadito de plomo en dibujos, basado en el cuento de Hans Christian Andersen | ||
| 653 | |a Literatura | ||
| 653 | |a Literatura holandesa | ||
| 653 | |a Literatura infantil | ||
| 653 | |a Cuentos infantiles | ||
| 653 | |a Colección ciencias de la educación | ||
| 653 | |a Libro Álbum | ||
| 859 | |a CEMS |b BIB. CEMS - Ccias. Educacion |h 839.3137 |i M911-1 |k CE |p 27995.19 |t Ej.1 | ||
| 859 | |a CEMS |b BIB. CEMS - Ccias. Educacion |h 839.3137 |i M911-1 |k CE |p 28608.19 |t Ej.2 | ||
| 859 | |a CEMS |b BIB. CEMS - Ccias. Educacion |h 839.3137 |i M911-1 |k CE |p 28639.19 |t Ej.3 | ||
